书目信息 |
| 题名: |
提纯复壮繁育良种
|
|
| 作者: | 陈鸿佑 著 | |
| 分册: | ||
| 出版信息: | 合肥 安徽人民出版社 1978 |
|
| 页数: | 170页 | |
| 开本: | 19cm | |
| 丛书名: | 农村科学实验丛书 | |
| 单 册: | ||
| 中图分类: | S339.5 | |
| 科图分类: | ||
| 主题词: | 良种繁育:纯种育种 , 纯种育种:良种繁育 | |
| 电子资源: | ||
| ISBN: | 16102.332 | |
| 000 | 00766oam2 2200277 450 | |
| 001 | 0178000296 | |
| 005 | 20100712215342.0 | |
| 010 | @a16102.332@dCNY0.35 | |
| 091 | @a16102.332 | |
| 100 | @a19950802d1978 em y0chiy0110 ea | |
| 101 | 0 | @achi |
| 102 | @aCN@b340000 | |
| 105 | @ay z 000yy | |
| 106 | @ar | |
| 200 | 1 | @a提纯复壮繁育良种@9Ti;Di Chun Fu Zhuang Fan;Po Yu;Yo Liang Zhong;Chong @f陈鸿佑著 |
| 210 | @a合肥@c安徽人民出版社@d1978 | |
| 215 | @a170页@d19cm | |
| 225 | 2 | @a农村科学实验丛书 |
| 461 | 0 | @12001 @a农村科学实验丛书 |
| 606 | 0 | @a良种繁育:纯种育种 |
| 606 | 0 | @a纯种育种:良种繁育 |
| 610 | 0 | @a育种 |
| 690 | @aS339.5@v3 | |
| 701 | 0 | @a陈鸿佑@9chen hong you@4著 |
| 801 | 0 | @aCN@b91MARC@c20130904 |
| 905 | @aBZT@dS339.5@e1@f4@sS339.5/1 | |
| 提纯复壮繁育良种/陈鸿佑著.-合肥:安徽人民出版社,1978 |
| 170页;19cm.-(农村科学实验丛书) |
| ISBN 16102.332:CNY0.35 |
| ● |
| 相关链接 |
|
|
|
正题名:提纯复壮繁育良种
索取号:S339.5/1
 
预约/预借
| 序号 | 登录号 | 条形码 | 馆藏地/架位号 | 状态 | 备注 |
| 1 | 2000038721 | 2000038721 | 旧书回溯/ [索取号:S339.5/1] | 在馆 | |
| 2 | 2000038722 | 2000038722 | 旧书回溯/ [索取号:S339.5/1] | 在馆 | |
| 3 | 2000038723 | 2000038723 | 旧书回溯/ [索取号:S339.5/1] | 在馆 | |
| 4 | 2000038724 | 2000038724 | 旧书回溯/ [索取号:S339.5/1] | 在馆 |